Statistics for All Songs - Lil Tracy

Click here to take the quiz!

General Stats

  • This quiz has been taken 6 times
  • The average score is 27 of 188

Answer Stats

HintAnswer% Correct
CASTLES II (with Lil Peep)witchblades
100%
AnarchyBeautiful Nightmare
67%
castles (with Lil Peep)castles
67%
SinnerHeart
67%
Tracy's World<3 (feat. Badmanfari & Lil Candy Paint)
67%
CASTLES II (with Lil Peep)never eat, never sleep
67%
castles (with Lil Peep)pain (feat. Slug † Christ)
67%
CASTLES II (with Lil Peep)past the castle walls
67%
castles (with Lil Peep)white wine
67%
CASTLES II (with Lil Peep)your favorite dress
67%
CASTLES II (with Lil Peep)dying out west
50%
Saturn ChildHeavenly
50%
Saturn ChildIt Is What It Is
50%
Saturn ChildKnight in Shining Armor
50%
Tracy's WorldPictures
50%
AnarchyShame
50%
ATS001UH OH
50%
Saturn ChildVoodoo
50%
Designer Talk10 Racks
33%
AnarchyAlone In My Castle
33%
SinnerBacteria
33%
AnarchyBad For You
33%
Designer Talk 2Chicken Soup (feat. Chief Keef)
33%
FREE TRACY! CAMPAIGNDESIGNER
33%
XOXODigital (feat. Famous Dex)
33%
AnarchyGhost
33%
AnarchyHalo
33%
AnarchyI Love My Fans
33%
XOXOI Remember (feat. YSL Duke)
33%
Tracy's WorldJennifer On The Dancefloor Tonight
33%
u,_ulike me
33%
SinnerLil Whore
33%
SinnerRain Rain Go Away
33%
Saturn ChildRoadrage
33%
SinnerTattoos
33%
AnarchyTight Rope
33%
e m o c e a nvampire love
33%
Designer Talk 2WYA?
33%
Designer Talk1Million Degrees
17%
BAEBOYall i want is bands
17%
e m o c e a na q u a r i u s
17%
Designer Talk 2Backrub
17%
asaku's forestbody transformation (VIVID)
17%
Designer Talk 2BTW
17%
Designer Talk 2Cali King
17%
TRACYS MANGACome Again
17%
e m o c e a nD E M O N K I L L
17%
Designer Talk 2Designer Talk (feat. Lil Keed)
17%
e m o c e a nemocean
17%
I C Y R O B I T U S S I N 森林之神杨Eternal
17%
LIFE OF A POPSTAR%%%% (feat. LUCKI & Deezy)
17%
Tracy's WorldFilet Mignon
17%
LIFE OF A POPSTARFLIP (feat. Smokepurpp)
17%
FREE TRACY! CAMPAIGNFUCK MY WRIST
17%
MOON STONESFur Coat
17%
Designer TalkGod Knows
17%
u,_uhello kitty
17%
LIFE OF A POPSTARHennessy
17%
LIFE OF A POPSTARHYGIENE (feat. Duwap Kaine)
17%
Tracy's WorldI Don't Want To Ever Fall In Love Now
17%
ELEGANTANGELi love kool nast (angels)
17%
XOXOI'm Rude
17%
Designer Talk 2I Think You Know The Rest (feat. Cold Hart)
17%
XOXOJealousy
17%
Designer Talk 2Joseph & Mary (feat. Yung Bans)
17%
Designer Talk 2Jousting (feat. marvy ayy)
17%
LIFE OF A POPSTARLIFE OF A POPSTAR
17%
TRACYS MANGALike a Glock (feat. Famous Dex)
17%
u,_uliltracymann
17%
Saturn ChildLocation
17%
Designer Talk 2Messy
17%
Designer Talk 2M.I.A (feat. Lil Candy Paint)
17%
TRACYS MANGAMinajatwa
17%
Tracy's WorldMy Bae
17%
TRACYS MANGAOrange Chicken
17%
Saturn ChildParanoid
17%
WHEN ANGELS CRY (death has wings)PR1NC355
17%
XOXOPull Out Game
17%
u,_upunk blunts
17%
AnarchyRich Dropout
17%
Saturn ChildSee U In Hell
17%
HEAVENS WITCH *eternal spells*SOULJAHWITCH'S FAITH
17%
ATS001STOP
17%
☩ Desire ☩STUPID POLITICS
17%
Designer Talk 2Tarantula
17%
XOXOThis Year
17%
Saturn ChildToreshi
17%
Saturn ChildTouche
17%
TRACYS MANGAUsed to Be (feat. Horse Head)
17%
TRACYS MANGAWait Hollup
17%
HEAVENS WITCH *eternal spells*WHEN I LEFT HEAVEN
17%
ELEGANTANGEL222 harmonyhouse
0%
WHEN ANGELS CRY (death has wings)333
0%
WHEN ANGELS CRY (death has wings)aesthetic trap
0%
Designer TalkAlex McQueen
0%
e m o c e a na n c h i e n t s t a r
0%
ELEGANTANGELangel in da club
0%
e m o c e a nare you online?
0%
asaku's forestasakufox
0%
asaku's forestasakukarma
0%
BAEBOYashamed
0%
HEAVENS WITCH *eternal spells*A SOULJAHS DREAM
0%
asaku's forestBACKWOOD MUSIC (feat. Lil Raven)
0%
BAEBOYBaeboyy
0%
BAEBOYBAE LETS COUNT UP BAE
0%
e m o c e a nblack amulet
0%
ELEGANTANGELboys love art (east la artpunxx)
0%
ELEGANTANGELby my side (idontwantitificanthaveyou)
0%
XOXOCheckmate
0%
Designer TalkChiropact
0%
Designer Talk 2Chrome Heart Lens
0%
Designer Talk 2Coco (feat. LUCKI)
0%
Designer Talk 2Comme Des Garçons (feat. Pi'erre Bourne)
0%
Tracy's WorldConceited (feat. Lil Raven)
0%
u,_udam (feat. Dewboi)
0%
ELEGANTANGELdarklight
0%
WHEN ANGELS CRY (death has wings)dead
0%
Tracy's WorldDemons
0%
FREE TRACY! CAMPAIGNDESIGNER WITCH
0%
TRACYS MANGADon't Fit
0%
Tracy's WorldDon't Touch
0%
LIFE OF A POPSTARDRUNK PUNX
0%
I C Y R O B I T U S S I N 森林之神杨Elegant Thuggin
0%
Tracy's WorldFinger The Money (feat. Warhol.SS)
0%
WHEN ANGELS CRY (death has wings)fly around
0%
I C Y R O B I T U S S I N 森林之神杨Foreverboys
0%
MOON STONESGemstone Bullets Poppin Out The Tech
0%
e m o c e a ngive give give
0%
WHEN ANGELS CRY (death has wings)GOIN HAM INNA CLUB
0%
ELEGANTANGELgothic romance
0%
e m o c e a ngoth ritual (feat. Sickboyrari)
0%
u,_uICED OUT SAMSUNG SAME COLOR YAYO
0%
MOON STONESI Could Fuck All My Exes *FLEX N FINESSE* (All My X's)
0%
I C Y R O B I T U S S I N 森林之神杨Icy Robitussin 2
0%
ELEGANTANGELihavemyswitchblade
0%
e m o c e a nim coming
0%
WHEN ANGELS CRY (death has wings)i'm uploading
0%
BAEBOYim zooted
0%
BAEBOYinna party
0%
e m o c e a niridescence (feat. Key Nyata)
0%
FREE TRACY! CAMPAIGNI WANT MONEY
0%
u,_uKEEP IT 1 HUNNED
0%
Tracy's WorldKeke Palmer
0%
ELEGANTANGELlil tracy shit
0%
MOON STONESLook Like Coke (feat. Lil Raven)
0%
BAEBOYLuv Me (feat. Soulja Boy)
0%
indigo soulmishicrow
0%
☩ Desire ☩MORAL CHAOS
0%
TRACYS MANGAMy Bitch
0%
MOON STONESMy Bitch Got A Bitch
0%
I C Y R O B I T U S S I N 森林之神杨N0 0N3 (feat. Xedn)
0%
Designer Talk 2No Hook (feat. Juviee 2e's)
0%
MOON STONESNo Lames (feat. Drippin So Pretty)
0%
MOON STONESooh 'Lah 'Lah
0%
ELEGANTANGELpink california (feat. Horse Head)
0%
ELEGANTANGELp i n k i c e s h a r d s (mpbruh3)
0%
Designer Talk 2Play For Keeps
0%
LIFE OF A POPSTARPROM QUEEN
0%
TRACYS MANGARackAid (feat. UnoTheActivist)
0%
LIFE OF A POPSTARRADIO KILLA
0%
Designer Talk 2Raining Racks
0%
indigo soulrobotrippin
0%
e m o c e a nscuffed (feat. Eddy Baker)
0%
indigo soul​shandgi kamishima 简单的生活
0%
☩ Desire ☩SICK YOUTH
0%
u,_usoul cry
0%
WHEN ANGELS CRY (death has wings)SQUAD FULLA ANGELS
0%
indigo soulsquare pandaa
0%
MOON STONESStep In The Club
0%
Designer Talk 2Strawberry Lemonade (feat. Buku Bandz)
0%
indigo soulsun raze
0%
HEAVENS WITCH *eternal spells*SWITCHBLADES IN THE CLUB TONIGHT
0%
Tracy's WorldThis Is It Chief
0%
e m o c e a nthraxx etiquette (feat. Nedarb)
0%
ELEGANTANGELtracy mcgrady in toyota (witchcraft shawty)
0%
BAEBOYum gucci
0%
FREE TRACY! CAMPAIGNUNDER THE MOON
0%
ATS001VAMPIRE IN THE MOONLIGHT COUNTIN MONEY UP
0%
e m o c e a nveggies (feat. Kewl Nast)
0%
ELEGANTANGELvirginia
0%
indigo soulvisuals
0%
Tracy's WorldWhen It Rains It Pours
0%
MOON STONESwhen my phone rings
0%
Designer Talk 2Yakisoba Noodles
0%
u,_uy del lie (feat. KirbLaGoop)
0%
indigo soulYôji mononoke
0%
Tracy's WorldYou My Kim K & I'm Your Kanye
0%
BAEBOYyou my kim k & im your kanye
0%

Score Distribution

Percentile by Number Answered

Percent of People with Each Score

Your Score History

You have not taken this quiz